| 000 | 00374nam a2200133Ia 4500 | ||
|---|---|---|---|
| 005 | 20260328104318.0 | ||
| 008 | 260328s9999||||xx |||||||||||||| ||und|| | ||
| 100 | _aMontaña, Jimena | ||
| 245 | 0 |
_aReflexiones sobre Ética Profesional / _cJimena Montaña |
|
| 260 | _bConsejo Profesional Nacional de Arquitectura | ||
| 300 | _a67 p. | ||
| 650 | _aARQUITECTURA | ||
| 942 | _cBK | ||
| 999 |
_c11225 _d11225 |
||